000 01120nam a22002777a 4500
001 BD-DhSAU
003 BD-DhSAU
005 20250127163435.0
008 150420b2005 bg ||||| m||| 00| 0 eng d
040 _aBD-DhSAU
082 _222
_a338.1
_bP8862
100 _aDHAR, PRANTO
_eRegistration No. # 16-07451
245 _aProfitability and food security status of layer chicken farming household in some selected areas of gazipur district of bangladesh /
_bMS thesis
260 _aSher-e-Bangla Agricultural University:
_bDepartment of Agriculture Economics ,
_c2023.
300 _axi, 83p. ;
_c30 cm.
500 _aMS thesis of Department of Agriculture Economics , Faculty of Agribusiness , Sher-e-Bangla Agricultural University, Dhaka, Bangladesh
504 _aIncludes bibliographical reference.
590 _aNazmul
650 _afood security status
651 _alayer chicken farming
654 _agazipur district of bangladesh
700 _aProf Dr. Gazi M. A. Jalil
_eSuperviser
700 _aAssico. Prof. Md Rakibur Rahman
_eCo-superviser
942 _2ddc
_cTHESIS
999 _c17829
_d17828